| 000 | 003860000a22001570004500 | ||
|---|---|---|---|
| 003 | LK-CoMWRAF | ||
| 008 | 230817t ||||| |||| 00| 0 eng d | ||
| 040 |
_aLK-CoMWRAF _dLK-CoMWRAF _eLK-CoMWRAF |
||
| 041 | _aeng | ||
| 082 |
_a300 _bKAN |
||
| 245 |
_aKantha shareeraya mithyaven satyata _b |
||
| 260 |
_aColombo _bKantha shakti _c1989 |
||
| 300 | _ap.55 | ||
| 650 | _awomen | ||
| 942 | _cBK | ||
| 999 |
_c2589 _d2589 |
||